MECHANICS DYNAMICS (Record no. 569648)

000 -LEADER
fixed length control field 00273nam a22001217a 4500
082 ## - DEWEY DECIMAL CLASSIFICATION NUMBER
Classification number 620.1054 MER
100 ## - MAIN ENTRY--PERSONAL NAME
Personal name MERIAM, J. L
9 (RLIN) 13089
245 ## - TITLE STATEMENT
Title MECHANICS DYNAMICS
260 ## - PUBLICATION, DISTRIBUTION, ETC.
Place of publication, distribution, etc. NEW YORK
Name of publisher, distributor, etc. JOHN WILEY
Date of publication, distribution, etc. 1957
300 ## - PHYSICAL DESCRIPTION
Extent 665P
650 ## - SUBJECT ADDED ENTRY--TOPICAL TERM
Topical term or geographic name entry element MECHANICS
9 (RLIN) 10681
942 ## - ADDED ENTRY ELEMENTS (KOHA)
Koha item type Book
Holdings
Withdrawn status Lost status Damaged status Not for loan Permanent Location Current Location Shelving location Date acquired Total Checkouts Full call number Barcode Date last seen Price effective from Koha item type
        College of Electrical & Mechanical Engineering (CEME) College of Electrical & Mechanical Engineering (CEME) General Stacks 07/18/2017   620.1054 MER CEME-1352 06/28/2021 06/28/2021 Book
© 2023 Central Library, National University of Sciences and Technology. All Rights Reserved.